|
|
|
|
| LEADER |
02676nam a2200397 i 4500 |
| 001 |
45399 |
| 003 |
BD-DhAAL |
| 005 |
20260308131416.0 |
| 008 |
260308t2019 nyu 000 1 eng |
| 010 |
|
|
|a 2019016494
|
| 020 |
|
|
|a 9781787331914
|
| 020 |
|
|
|a 9781787331921
|
| 020 |
|
|
|a 9780593132982
|q hardback : acid-free paper
|
| 020 |
|
|
|z 9780593132999 (ebook)
|
| 020 |
|
|
|a 9780593133262
|q international
|
| 035 |
|
|
|a 20921320
|
| 040 |
|
|
|a DLC
|b eng
|e rda
|c DLC
|d DLC
|d BD-DhAAL
|
| 042 |
|
|
|a pcc
|
| 050 |
0 |
0 |
|a PR6068.U757
|b Q53 2019
|
| 082 |
0 |
0 |
|a 823.914
|2 23
|
| 100 |
1 |
|
|a Rushdie, Salman,
|e author.
|
| 245 |
1 |
0 |
|a Quichotte :
|b a novel /
|c Salman Rushdie.
|
| 260 |
|
|
|a London :
|b Jonathan Cape ;
|b Random House,
|c 2019.
|
| 300 |
|
|
|a 390 pages ;
|c 25 cm
|
| 520 |
|
|
|a "Quichotte, an aging traveling salesman obsessed with the "unreal real" of TV, falls in impossible love with a queen of the screen; while obsessively writing her love letters, he wishes an imaginary son, Sancho, into existence. Together they set off across America in Quichotte's trusty Chevy Cruze to find her and convince her of his love. Meanwhile, Quichotte's tragicomic story is being told by the author who created him: Brother, a mediocre spy novelist in the midst of a midlife crisis. As their stories intertwine, we are taken on a wild, picaresque journey through a country on the edge of moral and spiritual collapse. Just as Cervantes wrote Don Quixote to satirize the culture of his time, Rushdie brings us a new twist on a classic. Quichotte is a profoundly human love story and a wickedly entertaining satire of a corrupt age in which fact is so often indiscernible from fiction. With unforgettable characters and riveting suspense, this dazzling novel showcases an essential storyteller at his brilliant best"--
|
| 541 |
|
|
|a Donated by Farhana Zahir (Assistant Professor, BBS, BRAC University)
|e 45399
|
| 650 |
|
0 |
|a Novelists
|v Fiction.
|9 28473
|
| 650 |
|
0 |
|a Midlife crisis
|v Fiction.
|9 5965
|
| 650 |
|
0 |
|a Voyages and travels
|v Fiction.
|9 28474
|
| 650 |
|
7 |
|a FICTION / Literary.
|
| 650 |
|
7 |
|a FICTION / Sagas.
|9 60365
|
| 655 |
|
|
|a Psychological fiction.
|
| 710 |
2 |
|
|a Gene Berry and Jeffrey Campbell Collection (Library of Congress)
|5 DLC
|9 56238
|
| 942 |
|
|
|2 ddc
|c BK
|
| 999 |
|
|
|c 47753
|d 47753
|
| 952 |
|
|
|0 0
|1 0
|2 ddc
|4 0
|6 823_914000000000000_RUS
|7 0
|9 78867
|a BRACUL
|b BRACUL
|c NEW
|d 2026-03-08
|e Donated by Farhana Zahir, Assistant Professor, BRAC Business School, BRAC University
|l 0
|o 823.914 RUS
|p 3010045399
|r 2026-03-08
|t 1
|w 2026-03-08
|y BK
|x Donated copy received from Farhana Zahir, Assistant Professor, BRAC Business School, BRAC University on 17 February 2026; Price are not available in the book
|